[Event "DVM U14 2020"]
[Site "Willingen GER"]
[Date "2021.06.27"]
[Round "7"]
[White "Reichmann, Felix"]
[Black "Hänselmann, Hendrik"]
[Result "1/2-1/2"]
[Termination "normal"]
[Board "3.1"]
[WhiteElo "1780"]
[BlackElo "1828"]
[WhiteClock "00:39:49"]
[BlackClock "00:29:07"]
[WhiteTeam "Schachfreunde Nordost Berlin"]
[BlackTeam "Karlsruher SF 1853"]
[PlyCount "85"]
[WhiteFideId "16238290"]
[BlackFideId "16232755"]
[EventCountry "GER"]
[EventRounds "7"]
[EventType "team-swiss"]
[EventDate "2021.06.23"]

1. c4 {[%clk 1:30:57]} 1... e5 {[%clk 1:30:58]} 2. g3 {[%clk 1:31:19]} 2... Nf6
{[%clk 1:31:16]} 3. Bg2 {[%clk 1:31:44]} 3... d5 {[%clk 1:31:34]} 4. cxd5 {
[%clk 1:32:10]} 4... Nxd5 {[%clk 1:32:01]} 5. Nc3 {[%clk 1:32:32]} 5... Nb6 {
[%clk 1:32:22]} 6. Nf3 {[%clk 1:31:13]} 6... Nc6 {[%clk 1:32:48]} 7. Rb1 {
[%clk 1:30:32]} 7... a5 {[%clk 1:32:28]} 8. O-O {[%clk 1:28:50]} 8... Be7 {
[%clk 1:32:40]} 9. a3 {[%clk 1:18:56]} 9... a4 {[%clk 1:31:16]} 10. b3 { [%clk
1:19:04]} 10... axb3 {[%clk 1:31:14]} 11. Qxb3 {[%clk 1:19:16]} 11... Be6
{[%clk 1:30:46]} 12. Qc2 {[%clk 1:19:26]} 12... Bxa3 {[%clk 1:27:01]} 13. Bxa3
{[%clk 1:18:44]} 13... Rxa3 {[%clk 1:27:04]} 14. Nb5 {[%clk 1:18:57]} 14... Ra2
{[%clk 1:26:28]} 15. Qc3 {[%clk 1:13:32]} 15... O-O {[%clk 1:19:42]} 16. Rfd1 {
[%clk 1:02:50]} 16... f6 {[%clk 1:11:56]} 17. e4 {[%clk 0:58:34]} 17... Na4 {
[%clk 1:10:21]} 18. Qe3 {[%clk 0:57:50]} 18... Na5 {[%clk 0:46:26]} 19. d4 {
[%clk 0:35:26]} 19... Nb2 {[%clk 0:43:47]} 20. Rdc1 {[%clk 0:35:16]} 20... Nbc4
{[%clk 0:37:47]} 21. Qe1 {[%clk 0:26:48]} 21... c6 {[%clk 0:27:22]} 22. Nc3 {
[%clk 0:26:08]} 22... Ra3 {[%clk 0:27:06]} 23. d5 {[%clk 0:24:08]} 23... cxd5 {
[%clk 0:26:04]} 24. exd5 {[%clk 0:24:26]} 24... Bf5 {[%clk 0:24:22]} 25. Rb4 {
[%clk 0:23:57]} 25... Rb3 {[%clk 0:20:54]} 26. Na2 {[%clk 0:18:07]} 26... Nb2 {
[%clk 0:13:51]} 27. Rxb3 {[%clk 0:17:49]} 27... Nxb3 {[%clk 0:14:13]} 28. Rb1 {
[%clk 0:18:05]} 28... Bxb1 {[%clk 0:13:34]} 29. Qxb1 {[%clk 0:18:29]} 29...
Qxd5 {[%clk 0:13:46]} 30. Nc3 {[%clk 0:18:32]} 30... Nd2 {[%clk 0:09:41]} 31.
Qxb2 {[%clk 0:18:41]} 31... Nxf3+ {[%clk 0:09:53]} 32. Kh1 {[%clk 0:18:06]}
32... Qc4 {[%clk 0:09:18]} 33. h3 {[%clk 0:18:02]} 33... e4 {[%clk 0:08:54]}
34. Nxe4 {[%clk 0:18:04]} 34... Qxe4 {[%clk 0:08:58]} 35. Qb3+ {[%clk 0:18:31]}
35... Kh8 {[%clk 0:09:15]} 36. Bxf3 {[%clk 0:18:54]} 36... Qe7 {[%clk 0:08:51]}
37. Qb6 {[%clk 0:18:14]} 37... f5 {[%clk 0:06:28]} 38. Kg2 {[%clk 0:17:25]}
38... f4 {[%clk 0:05:42]} 39. g4 {[%clk 0:17:06]} 39... Rc8 {[%clk 0:03:23]}
40. Qb1 {[%clk 0:14:24]} 40... Qc7 {[%clk 0:02:06]} 41. Qf5 {[%clk 0:14:16]}
41... Re8 {[%clk 0:00:31]} 42. Qb5 {[%clk 0:11:39]} 42... Rf8 {[%clk 0:29:07]}
43. Be4 {[%clk 0:39:49]} 1/2-1/2

[Event "DVM U14 2020"]
[Site "Willingen GER"]
[Date "2021.06.27"]
[Round "7"]
[White "Kiefhaber, Tobias"]
[Black "Gutewort, Paul Emil"]
[Result "0-1"]
[Termination "normal"]
[Board "3.2"]
[WhiteElo "1562"]
[BlackElo "1689"]
[WhiteClock "00:00:37"]
[BlackClock "00:10:15"]
[WhiteTeam "Karlsruher SF 1853"]
[BlackTeam "Schachfreunde Nordost Berlin"]
[PlyCount "67"]
[WhiteFideId "16240693"]
[BlackFideId "16204182"]
[EventCountry "GER"]
[EventRounds "7"]
[EventType "team-swiss"]
[EventDate "2021.06.23"]

1. d4 {[%clk 1:30:57]} 1... g6 {[%clk 1:30:55]} 2. e4 {[%clk 1:30:39]} 2... Bg7
{[%clk 1:31:20]} 3. Nc3 {[%clk 1:30:01]} 3... d6 {[%clk 1:31:44]} 4. Be3 {
[%clk 1:29:37]} 4... a6 {[%clk 1:31:54]} 5. Qd2 {[%clk 1:28:42]} 5... b5 {
[%clk 1:32:18]} 6. O-O-O {[%clk 1:28:27]} 6... Nd7 {[%clk 1:29:53]} 7. h4 {
[%clk 1:24:22]} 7... h5 {[%clk 1:29:25]} 8. Nh3 {[%clk 1:22:14]} 8... Bb7 {
[%clk 1:26:30]} 9. f3 {[%clk 1:20:18]} 9... Ngf6 {[%clk 1:22:33]} 10. Ng5 {
[%clk 1:17:23]} 10... e6 {[%clk 1:15:57]} 11. Be2 {[%clk 1:08:32]} 11... Qe7 {
[%clk 1:12:15]} 12. g4 {[%clk 1:01:59]} 12... b4 {[%clk 1:09:41]} 13. Nb1 {
[%clk 0:54:26]} 13... a5 {[%clk 1:05:42]} 14. gxh5 {[%clk 0:50:16]} 14... Nxh5
{[%clk 1:05:10]} 15. Bb5 {[%clk 0:47:32]} 15... c6 {[%clk 0:56:23]} 16. Bd3 {
[%clk 0:43:37]} 16... Ba6 {[%clk 0:45:23]} 17. Bxa6 {[%clk 0:38:25]} 17... Rxa6
{[%clk 0:45:45]} 18. Qd3 {[%clk 0:37:45]} 18... Ra8 {[%clk 0:38:04]} 19. Qc4 {
[%clk 0:28:54]} 19... O-O {[%clk 0:29:04]} 20. Qxc6 {[%clk 0:22:23]} 20... a4 {
[%clk 0:27:49]} 21. d5 {[%clk 0:18:38]} 21... Ne5 {[%clk 0:24:47]} 22. Qb5 {
[%clk 0:09:11]} 22... Rfb8 {[%clk 0:24:53]} 23. Qf1 {[%clk 0:09:13]} 23... Ng3
{[%clk 0:19:47]} 24. Qh3 {[%clk 0:09:13]} 24... Nxh1 {[%clk 0:19:55]} 25. dxe6
{[%clk 0:08:33]} 25... fxe6 {[%clk 0:19:45]} 26. Rxh1 {[%clk 0:07:38]} 26...
Nc4 {[%clk 0:19:06]} 27. Bd2 {[%clk 0:04:10]} 27... Bxb2+ {[%clk 0:18:38]} 28.
Kd1 {[%clk 0:04:35]} 28... Nxd2 {[%clk 0:19:03]} 29. Kxd2 {[%clk 0:05:03]}
29... Bf6 {[%clk 0:19:26]} 30. Nxe6 {[%clk 0:02:26]} 30... d5 {[%clk 0:11:51]}
31. Rg1 {[%clk 0:02:05]} 31... Kf7 {[%clk 0:11:35]} 32. Ng5+ {[%clk 0:00:33]}
32... Bxg5+ {[%clk 0:11:23]} 33. Rxg5 {[%clk 0:00:37]} 33... dxe4 { [%clk
0:10:15]} 34. fxe4 0-1

[Event "DVM U14 2020"]
[Site "Willingen GER"]
[Date "2021.06.27"]
[Round "7"]
[White "Duduka, Artem"]
[Black "Hoffmann, Alexander"]
[Result "0-1"]
[Termination "normal"]
[Board "3.3"]
[WhiteElo "1613"]
[BlackElo "1554"]
[WhiteClock "00:39:39"]
[BlackClock "00:04:40"]
[WhiteTeam "Schachfreunde Nordost Berlin"]
[BlackTeam "Karlsruher SF 1853"]
[PlyCount "98"]
[WhiteFideId "14194805"]
[BlackFideId "16240219"]
[EventCountry "GER"]
[EventRounds "7"]
[EventType "team-swiss"]
[EventDate "2021.06.23"]

1. e4 {[%clk 1:30:50]} 1... e5 {[%clk 1:30:54]} 2. Nf3 {[%clk 1:31:04]} 2...
Nc6 {[%clk 1:31:17]} 3. d4 {[%clk 1:31:12]} 3... exd4 {[%clk 1:31:38]} 4. Nxd4
{[%clk 1:31:33]} 4... Bc5 {[%clk 1:31:50]} 5. Be3 {[%clk 1:31:51]} 5... Qf6 {
[%clk 1:31:55]} 6. c3 {[%clk 1:31:59]} 6... Nge7 {[%clk 1:32:07]} 7. Nc2 {
[%clk 1:31:51]} 7... Bb6 {[%clk 1:28:25]} 8. g3 {[%clk 1:29:49]} 8... d6 {
[%clk 1:21:02]} 9. Bg2 {[%clk 1:29:06]} 9... Be6 {[%clk 1:20:24]} 10. O-O {
[%clk 1:27:28]} 10... h5 {[%clk 1:19:33]} 11. h3 {[%clk 1:26:01]} 11... h4 {
[%clk 1:14:37]} 12. g4 {[%clk 1:26:24]} 12... O-O-O {[%clk 1:14:00]} 13. Nba3 {
[%clk 1:25:08]} 13... g5 {[%clk 1:12:30]} 14. Bxb6 {[%clk 1:23:25]} 14... cxb6
{[%clk 1:07:53]} 15. Ne3 {[%clk 1:22:04]} 15... Ng6 {[%clk 0:57:24]} 16. Nb5 {
[%clk 1:14:49]} 16... a6 {[%clk 0:54:42]} 17. Nd4 {[%clk 1:11:29]} 17... Nf4 {
[%clk 0:49:43]} 18. a4 {[%clk 1:07:16]} 18... Nxd4 {[%clk 0:46:26]} 19. cxd4 {
[%clk 1:07:00]} 19... Qxd4 {[%clk 0:44:21]} 20. Qxd4 {[%clk 1:01:14]} 20...
Ne2+ {[%clk 0:44:33]} 21. Kh2 {[%clk 1:01:23]} 21... Nxd4 {[%clk 0:44:57]} 22.
f4 {[%clk 0:58:32]} 22... f6 {[%clk 0:38:09]} 23. fxg5 {[%clk 0:56:30]} 23...
fxg5 {[%clk 0:38:01]} 24. Nf5 {[%clk 0:56:54]} 24... Nxf5 {[%clk 0:34:02]} 25.
exf5 {[%clk 0:57:17]} 25... Bb3 {[%clk 0:30:59]} 26. Rf3 {[%clk 0:57:07]} 26...
Bf7 {[%clk 0:29:52]} 27. Rd3 {[%clk 0:56:44]} 27... Rd7 {[%clk 0:24:25]} 28.
Rad1 {[%clk 0:55:17]} 28... Rhd8 {[%clk 0:20:56]} 29. Bd5 {[%clk 0:49:53]}
29... Kc7 {[%clk 0:19:54]} 30. Rc1+ {[%clk 0:49:30]} 30... Kb8 {[%clk 0:20:10]}
31. Bxf7 {[%clk 0:49:54]} 31... Rxf7 {[%clk 0:20:28]} 32. Re1 {[%clk 0:50:13]}
32... Kc7 {[%clk 0:16:45]} 33. Re6 {[%clk 0:50:13]} 33... d5 {[%clk 0:15:37]}
34. Rc3+ {[%clk 0:46:44]} 34... Kb8 {[%clk 0:12:40]} 35. Kg2 {[%clk 0:44:14]}
35... d4 {[%clk 0:10:58]} 36. Rd3 {[%clk 0:43:59]} 36... Rc7 {[%clk 0:10:11]}
37. Kf3 {[%clk 0:42:56]} 37... Rc1 {[%clk 0:07:49]} 38. f6 {[%clk 0:42:25]}
38... Rb1 {[%clk 0:05:16]} 39. Ke4 {[%clk 0:39:13]} 39... Re1+ {[%clk 0:04:37]}
40. Kf5 {[%clk 0:37:21]} 40... Rd5+ {[%clk 0:04:54]} 41. Kg6 {[%clk 0:37:37]}
41... Rxe6 {[%clk 0:04:58]} 42. Kg7 {[%clk 0:37:45]} 42... Rd7+ {[%clk 0:04:36]
} 43. Kg6 {[%clk 0:38:10]} 43... Rdd6 {[%clk 0:04:21]} 44. Kxg5 {[%clk 0:38:35]
} 44... Rxf6 {[%clk 0:04:32]} 45. Kxh4 {[%clk 0:39:01]} 45... Rfe6 { [%clk
0:04:30]} 46. g5 {[%clk 0:39:17]} 46... Re3 {[%clk 0:04:25]} 47. Rd1 { [%clk
0:39:38]} 47... d3 {[%clk 0:04:24]} 48. Kh5 {[%clk 0:39:12]} 48... Rxh3+ {[%clk
0:04:40]} 49. Kg4 {[%clk 0:39:39]} 49... Re3 0-1

[Event "DVM U14 2020"]
[Site "Willingen GER"]
[Date "2021.06.27"]
[Round "7"]
[White "Kiefhaber, Julius"]
[Black "Beck, Felix"]
[Result "1-0"]
[Termination "normal"]
[Board "3.4"]
[WhiteElo "1465"]
[BlackElo "1526"]
[WhiteClock "00:11:10"]
[BlackClock "00:01:41"]
[WhiteTeam "Karlsruher SF 1853"]
[BlackTeam "Schachfreunde Nordost Berlin"]
[PlyCount "93"]
[WhiteFideId "16245121"]
[BlackFideId "16255364"]
[EventCountry "GER"]
[EventRounds "7"]
[EventType "team-swiss"]
[EventDate "2021.06.23"]

1. e4 {[%clk 1:30:59]} 1... c6 {[%clk 1:30:54]} 2. d4 {[%clk 1:31:25]} 2... d5
{[%clk 1:31:11]} 3. exd5 {[%clk 1:31:47]} 3... cxd5 {[%clk 1:31:33]} 4. Bd3 {
[%clk 1:31:49]} 4... Nc6 {[%clk 1:31:31]} 5. c3 {[%clk 1:31:59]} 5... Nf6 {
[%clk 1:30:48]} 6. h3 {[%clk 1:31:52]} 6... g6 {[%clk 1:19:08]} 7. Nf3 { [%clk
1:28:59]} 7... Bf5 {[%clk 1:09:55]} 8. Qe2 {[%clk 1:13:58]} 8... Bxd3 { [%clk
1:07:29]} 9. Qxd3 {[%clk 1:13:33]} 9... Bg7 {[%clk 1:07:43]} 10. Nbd2 { [%clk
1:08:00]} 10... e6 {[%clk 1:02:55]} 11. O-O {[%clk 1:06:35]} 11... O-O { [%clk
1:02:44]} 12. Re1 {[%clk 0:59:50]} 12... Rc8 {[%clk 1:02:16]} 13. Ne5 { [%clk
0:56:19]} 13... Nxe5 {[%clk 1:00:17]} 14. dxe5 {[%clk 0:55:49]} 14... Nd7
{[%clk 1:00:34]} 15. Nf3 {[%clk 0:54:51]} 15... Qc7 16. Bf4 {[%clk 0:50:48]}
16... Nb6 {[%clk 0:53:49]} 17. Qd2 {[%clk 0:45:12]} 17... Nc4 {[%clk 0:52:00]}
18. Qc1 Rfd8 19. b3 {[%clk 0:38:29]} 19... Nb6 {[%clk 0:47:34]} 20. Bd2 { [%clk
0:35:27]} 20... Nd7 {[%clk 0:47:07]} 21. Be3 {[%clk 0:25:03]} 21... Nxe5 {[%clk
0:40:05]} 22. Nxe5 {[%clk 0:24:46]} 22... Bxe5 {[%clk 0:40:26]} 23. Bd4 {[%clk
0:24:15]} 23... Bf4 {[%clk 0:37:57]} 24. Qb2 {[%clk 0:19:27]} 24... e5 { [%clk
0:28:35]} 25. Be3 25... Qxc3 {[%clk 0:23:19]} 26. Qxc3 {[%clk 0:15:39]} 26...
Rxc3 {[%clk 0:23:41]} 27. Bxa7 {[%clk 0:15:49]} 27... d4 {[%clk 0:23:55]} 28.
g3 {[%clk 0:15:23]} 28... Bh6 {[%clk 0:21:37]} 29. Rxe5 {[%clk 0:11:14]} 29...
d3 {[%clk 0:21:49]} 30. Rc5 {[%clk 0:10:25]} 30... Rc2 {[%clk 0:15:58]} 31. Rd1
{[%clk 0:09:48]} 31... Rd6 {[%clk 0:06:31]} 32. Rxd3 {[%clk 0:09:40]} 32...
Rxc5 {[%clk 0:03:10]} 33. Rxd6 {[%clk 0:09:47]} 33... Ra5 {[%clk 0:02:57] } 34.
Rd8+ {[%clk 0:09:54]} 34... Bf8 {[%clk 0:03:20]} 35. Be3 {[%clk 0:09:58]} 35...
Kg7 {[%clk 0:02:56]} 36. Bd4+ {[%clk 0:09:50]} 36... Kg8 {[%clk 0:01:11]} 37.
b4 {[%clk 0:08:12]} 37... Rxa2 38. Bc5 {[%clk 0:08:38]} 38... Ra4 { [%clk
0:00:43]} 39. Bxf8 {[%clk 0:08:38]} 39... f5 {[%clk 0:00:55]} 40. Bh6+ { [%clk
0:09:01]} 40... Kf7 {[%clk 0:01:19]} 41. Rd7+ {[%clk 0:09:30]} 41... Ke6 {[%clk
0:01:21]} 42. Rxb7 42... Ra1+ {[%clk 0:01:11]} 43. Kg2 {[%clk 0:10:08]} 43...
Rb1 {[%clk 0:01:09]} 44. Bf8 {[%clk 0:10:30]} 44... Kd5 {[%clk 0:01:23]} 45.
Rxh7 {[%clk 0:10:36]} 45... Kc6 {[%clk 0:01:41]} 46. Rh6 {[%clk 0:10:58]} 46...
Kb5 47. Rxg6 {[%clk 0:11:10]} 1-0

[Event "DVM U14 2020"]
[Site "Willingen GER"]
[Date "2021.06.27"]
[Round "7"]
[White "Kvantaliani, Saba"]
[Black "Nitsche, Nikolai"]
[Result "0-1"]
[Termination "normal"]
[Board "4.1"]
[WhiteElo "1535"]
[BlackElo "1831"]
[WhiteClock "00:34:58"]
[BlackClock "00:38:26"]
[WhiteTeam "Schachklub Münster 32 e. V."]
[BlackTeam "SV Empor Berlin e.V."]
[PlyCount "64"]
[WhiteFideId "16284364"]
[BlackFideId "16221036"]
[EventCountry "GER"]
[EventRounds "7"]
[EventType "team-swiss"]
[EventDate "2021.06.23"]

1. e4 {[%clk 1:30:49]} 1... g6 {[%clk 1:30:48]} 2. d4 {[%clk 1:30:59]} 2... Bg7
{[%clk 1:30:42]} 3. f4 {[%clk 1:29:53]} 3... d6 {[%clk 1:30:08]} 4. Nf3 { [%clk
1:27:44]} 4... Nf6 {[%clk 1:27:41]} 5. Nc3 {[%clk 1:23:28]} 5... O-O { [%clk
1:24:11]} 6. Be2 {[%clk 1:21:03]} 6... Bg4 {[%clk 1:23:22]} 7. O-O { [%clk
1:19:35]} 7... Bxf3 {[%clk 1:20:43]} 8. Bxf3 {[%clk 1:16:29]} 8... e5 { [%clk
1:20:30]} 9. Be3 {[%clk 1:12:02]} 9... Nc6 {[%clk 1:16:09]} 10. fxe5 { [%clk
1:10:27]} 10... dxe5 {[%clk 1:14:44]} 11. d5 {[%clk 1:10:54]} 11... Ne7 { [%clk
1:13:16]} 12. Qd2 {[%clk 1:09:00]} 12... Ne8 {[%clk 1:11:28]} 13. g4 { [%clk
1:04:56]} 13... f5 {[%clk 1:04:56]} 14. gxf5 {[%clk 1:03:16]} 14... gxf5 {[%clk
1:04:16]} 15. exf5 {[%clk 1:01:48]} 15... Nxf5 {[%clk 1:04:32]} 16. Bg4 {[%clk
1:02:07]} 16... Ned6 {[%clk 1:04:18]} 17. Qd3 {[%clk 0:59:50]} 17... Qh4 {[%clk
0:58:59]} 18. Qe2 {[%clk 0:56:47]} 18... Nd4 {[%clk 0:54:27]} 19. Bxd4 { [%clk
0:53:59]} 19... exd4 {[%clk 0:54:37]} 20. Be6+ {[%clk 0:52:57]} 20... Kh8
{[%clk 0:54:43]} 21. Nb5 {[%clk 0:52:44]} 21... d3 {[%clk 0:52:58]} 22. Qxd3 {
[%clk 0:51:24]} 22... Nxb5 {[%clk 0:52:07]} 23. c3 {[%clk 0:49:05]} 23... Nd6 {
[%clk 0:50:49]} 24. Rae1 {[%clk 0:49:08]} 24... Rxf1+ {[%clk 0:49:38]} 25. Rxf1
{[%clk 0:48:21]} 25... Rf8 {[%clk 0:48:19]} 26. Rxf8+ {[%clk 0:40:47]} 26...
Bxf8 {[%clk 0:48:42]} 27. Qe3 {[%clk 0:41:08]} 27... Qe4 {[%clk 0:46:52]} 28.
Qf2 {[%clk 0:39:57]} 28... Qg6+ {[%clk 0:45:14]} 29. Kh1 {[%clk 0:39:45]} 29...
Bg7 {[%clk 0:43:29]} 30. a3 {[%clk 0:39:35]} 30... b6 {[%clk 0:42:39]} 31. h3 {
[%clk 0:39:34]} 31... Nc4 {[%clk 0:39:37]} 32. Bf5 {[%clk 0:34:58]} 32... Qf6 {
[%clk 0:38:26]} 0-1

[Event "DVM U14 2020"]
[Site "Willingen GER"]
[Date "2021.06.27"]
[Round "7"]
[White "Freude, Max"]
[Black "Bergeret Busse, Julian"]
[Result "1-0"]
[Termination "normal"]
[Board "4.2"]
[WhiteElo "1806"]
[BlackElo "1466"]
[WhiteClock "00:31:04"]
[BlackClock "00:54:49"]
[WhiteTeam "SV Empor Berlin e.V."]
[BlackTeam "Schachklub Münster 32 e. V."]
[PlyCount "49"]
[WhiteFideId "16236157"]
[BlackFideId "16298446"]
[EventCountry "GER"]
[EventRounds "7"]
[EventType "team-swiss"]
[EventDate "2021.06.23"]

1. e4 {[%clk 1:30:59]} 1... c5 {[%clk 1:30:55]} 2. Nc3 {[%clk 1:31:23]} 2... d6
{[%clk 1:31:13]} 3. g3 {[%clk 1:31:49]} 3... g6 {[%clk 1:31:30]} 4. Bg2 { [%clk
1:32:14]} 4... Bg7 {[%clk 1:31:45]} 5. Nge2 {[%clk 1:32:38]} 5... Nf6 { [%clk
1:31:42]} 6. d3 {[%clk 1:32:50]} 6... O-O {[%clk 1:31:44]} 7. O-O { [%clk
1:32:59]} 7... Nc6 {[%clk 1:31:55]} 8. h3 {[%clk 1:33:12]} 8... Bd7 { [%clk
1:31:52]} 9. f4 {[%clk 1:31:21]} 9... Rb8 {[%clk 1:30:27]} 10. g4 { [%clk
1:23:06]} 10... h5 {[%clk 1:24:29]} 11. g5 {[%clk 1:19:40]} 11... Ne8 { [%clk
1:23:08]} 12. f5 {[%clk 1:14:49]} 12... Qc8 {[%clk 1:21:58]} 13. Nf4 { [%clk
1:10:17]} 13... Bd4+ {[%clk 1:19:21]} 14. Kh1 {[%clk 1:09:50]} 14... Kg7 {[%clk
1:18:50]} 15. Ncd5 {[%clk 0:54:20]} 15... Qd8 {[%clk 1:11:22]} 16. Qf3 { [%clk
0:44:53]} 16... Ne5 {[%clk 1:06:13]} 17. Qg3 {[%clk 0:42:35]} 17... c4 { [%clk
0:59:36]} 18. c3 {[%clk 0:35:49]} 18... Bb6 {[%clk 0:58:05]} 19. Nxe7 { [%clk
0:33:16]} 19... h4 {[%clk 0:55:05]} 20. f6+ {[%clk 0:33:17]} 20... Nxf6 { [%clk
0:55:18]} 21. gxf6+ {[%clk 0:33:36]} 21... Kxf6 {[%clk 0:55:26]} 22. Nfd5+
{[%clk 0:31:52]} 22... Kg7 23. Qg5 {[%clk 0:30:57]} 23... Rh8 { [%clk 0:54:33]}
24. Qf6+ {[%clk 0:31:03]} 24... Kh7 {[%clk 0:54:49]} 25. Qxf7+ {[%clk 0:31:04]}
1-0

[Event "DVM U14 2020"]
[Site "Willingen GER"]
[Date "2021.06.27"]
[Round "7"]
[White "Timmermann, Aaron Frederik"]
[Black "Ellert, Stefan"]
[Result "1/2-1/2"]
[Termination "normal"]
[Board "4.3"]
[WhiteElo "1399"]
[BlackElo "1657"]
[WhiteClock "00:06:59"]
[BlackClock "00:03:51"]
[WhiteTeam "Schachklub Münster 32 e. V."]
[BlackTeam "SV Empor Berlin e.V."]
[PlyCount "79"]
[WhiteFideId "34606173"]
[BlackFideId "16235029"]
[EventCountry "GER"]
[EventRounds "7"]
[EventType "team-swiss"]
[EventDate "2021.06.23"]

1. e4 {[%clk 1:30:59]} 1... c6 {[%clk 1:30:34]} 2. d4 {[%clk 1:31:24]} 2... d5
{[%clk 1:30:59]} 3. Nc3 {[%clk 1:31:38]} 3... dxe4 {[%clk 1:31:20]} 4. Nxe4 {
[%clk 1:31:59]} 4... Bf5 {[%clk 1:31:42]} 5. Ng3 {[%clk 1:31:27]} 5... Bg6 {
[%clk 1:32:06]} 6. Nf3 6... e6 {[%clk 1:32:17]} 7. Bd3 {[%clk 1:32:13]} 7...
Bd6 {[%clk 1:32:07]} 8. Ne4 {[%clk 1:31:34]} 8... Be7 {[%clk 1:31:40]} 9. Bf4 {
[%clk 1:31:10]} 9... Nf6 {[%clk 1:30:52]} 10. Nxf6+ {[%clk 1:30:47]} 10... Bxf6
{[%clk 1:31:12]} 11. c3 {[%clk 1:31:07]} 11... O-O {[%clk 1:31:08]} 12. O-O {
[%clk 1:31:21]} 12... Nd7 {[%clk 1:26:31]} 13. Re1 {[%clk 1:30:22]} 13... Qb6 {
[%clk 1:23:16]} 14. Bxg6 {[%clk 1:24:51]} 14... hxg6 {[%clk 1:23:09]} 15. Qc2 {
[%clk 1:24:47]} 15... c5 {[%clk 1:13:35]} 16. Be3 {[%clk 1:22:39]} 16... Be7 {
[%clk 1:01:57]} 17. Rad1 {[%clk 1:19:47]} 17... Qc7 {[%clk 0:54:11]} 18. Re2 {
[%clk 1:17:19]} 18... Nf6 {[%clk 0:51:07]} 19. Bg5 {[%clk 1:12:44]} 19... Rfd8
{[%clk 0:37:51]} 20. Red2 {[%clk 1:02:58]} 20... Rac8 {[%clk 0:29:26]} 21. dxc5
{[%clk 0:55:33]} 21... Bxc5 {[%clk 0:23:44]} 22. Qa4 {[%clk 0:51:48]} 22...
Rxd2 {[%clk 0:21:34]} 23. Rxd2 {[%clk 0:50:31]} 23... Rd8 {[%clk 0:21:55]} 24.
Rxd8+ {[%clk 0:47:32]} 24... Qxd8 {[%clk 0:19:52]} 25. Qc2 {[%clk 0:38:19]}
25... Qd5 {[%clk 0:15:16]} 26. Bxf6 {[%clk 0:37:05]} 26... gxf6 {[%clk 0:15:03]
} 27. c4 {[%clk 0:37:09]} 27... Qd7 {[%clk 0:12:39]} 28. h3 {[%clk 0:35:31]}
28... e5 {[%clk 0:11:14]} 29. a3 {[%clk 0:31:18]} 29... a6 {[%clk 0:10:44]} 30.
Qd2 {[%clk 0:31:14]} 30... Qe7 {[%clk 0:11:06]} 31. Qd5 {[%clk 0:26:01]} 31...
e4 {[%clk 0:09:42]} 32. b4 {[%clk 0:25:36]} 32... Bd6 {[%clk 0:09:10]} 33. Ne1
{[%clk 0:24:55]} 33... f5 {[%clk 0:06:32]} 34. Qd1 {[%clk 0:17:59]} 34... Be5 {
[%clk 0:05:01]} 35. Qe2 {[%clk 0:16:56]} 35... Qd6 {[%clk 0:04:58]} 36. Kf1 {
[%clk 0:15:59]} 36... Bc3 {[%clk 0:05:14]} 37. Nc2 {[%clk 0:11:22]} 37... Qf4 {
[%clk 0:03:42]} 38. Qe3 {[%clk 0:10:23]} 38... Qe5 {[%clk 0:04:06]} 39. g3 {
[%clk 0:06:59]} 39... Bb2 {[%clk 0:03:51]} 40. Ke1 1/2-1/2

[Event "DVM U14 2020"]
[Site "Willingen GER"]
[Date "2021.06.27"]
[Round "7"]
[White "Schulemann, Gero"]
[Black "Bock, Marlon"]
[Result "0-1"]
[Termination "normal"]
[Board "5.1"]
[WhiteElo "1835"]
[BlackElo "1654"]
[WhiteClock "00:00:43"]
[BlackClock "00:08:45"]
[WhiteTeam "USV Halle"]
[BlackTeam "SSV Vimaria 91 Weimar"]
[PlyCount "54"]
[WhiteFideId "16227646"]
[BlackFideId "16244931"]
[EventCountry "GER"]
[EventRounds "7"]
[EventType "team-swiss"]
[EventDate "2021.06.23"]

1. e4 {[%clk 1:30:54]} 1... e5 {[%clk 1:30:50]} 2. Nf3 {[%clk 1:31:18]} 2...
Nc6 {[%clk 1:31:07]} 3. Bc4 {[%clk 1:31:45]} 3... Bc5 4. b4 4... Bxb4 { [%clk
1:28:27]} 5. c3 {[%clk 1:32:08]} 5... Ba5 {[%clk 1:27:36]} 6. d4 { [%clk
1:32:27]} 6... exd4 {[%clk 1:16:54]} 7. O-O {[%clk 1:30:06]} 7... d6 { [%clk
1:06:58]} 8. Qb3 {[%clk 1:28:57]} 8... Qe7 {[%clk 0:56:58]} 9. cxd4 { [%clk
1:29:20]} 9... Bd7 {[%clk 0:47:31]} 10. d5 {[%clk 1:08:41]} 10... Ne5 { [%clk
0:42:39]} 11. Nxe5 {[%clk 1:04:47]} 11... Qxe5 {[%clk 0:41:08]} 12. Bb2 { [%clk
0:53:58]} 12... Qg5 {[%clk 0:37:31]} 13. e5 {[%clk 0:36:22]} 13... Ne7 { [%clk
0:28:45]} 14. f4 {[%clk 0:23:10]} 14... Qh6 {[%clk 0:21:03]} 15. Qxb7 { [%clk
0:14:38]} 15... O-O {[%clk 0:18:55]} 16. Qa6 {[%clk 0:13:17]} 16... Bb6+ {[%clk
0:18:39]} 17. Kh1 {[%clk 0:13:23]} 17... Nf5 {[%clk 0:18:14]} 18. Rf3 { [%clk
0:10:23]} 18... Rab8 {[%clk 0:15:36]} 19. Nd2 {[%clk 0:04:05]} 19... Be3 {[%clk
0:12:24]} 20. Bc3 {[%clk 0:03:13]} 20... Bxf4 {[%clk 0:12:31]} 21. Rxf4 {[%clk
0:02:21]} 21... Qxf4 {[%clk 0:12:51]} 22. e6 {[%clk 0:02:24]} 22... Bc8 {[%clk
0:11:38]} 23. Qxa7 {[%clk 0:02:00]} 23... Rb7 {[%clk 0:10:01]} 24. Qa3 { [%clk
0:02:15]} 24... Ne3 {[%clk 0:09:45]} 25. Bd3 {[%clk 0:01:13]} 25... fxe6 {[%clk
0:09:13]} 26. dxe6 {[%clk 0:01:01]} 26... Bxe6 {[%clk 0:09:10]} 27. Re1 {[%clk
0:00:43]} 27... Bd5 {[%clk 0:08:45]} 0-1